书目信息 |
| 题名: |
机械工程专业英语
|
|
| 作者: | 司徒忠 , 李璨 主编 | |
| 分册: | ||
| 出版信息: | 武汉 武汉工业大学出版社 2001.07 |
|
| 页数: | 160页 | |
| 开本: | 29cm | |
| 丛书名: | ||
| 单 册: | ||
| 中图分类: | H31 | |
| 科图分类: | ||
| 主题词: | 英语 | |
| 电子资源: | ||
| ISBN: | 7-5629-1733-7 | |
| 000 | 00600nam0 2200205 45 | |
| 001 | 0256567481 | |
| 005 | 2002040815424721 | |
| 010 | @a7-5629-1733-7@dRMB 16.50 | |
| 100 | @a20020408d2001 km y0chiy0120 ea | |
| 101 | 0 | @achi |
| 102 | @aCN@b420000 | |
| 200 | 1 | @a机械工程专业英语@Aji xie gong cheng zhuan ye ying yu@f司徒忠,李璨主编@FSi Tu Zhong,Li Can Zhu Bian |
| 210 | @a武汉@c武汉工业大学出版社@d2001.07 | |
| 215 | @a160页@d29cm | |
| 606 | 0 | @a英语 |
| 690 | @aH31@v3 | |
| 701 | 0 | @a司徒忠@ASi Tu Zhong@4主编 |
| 701 | 0 | @a李璨@ALi Can@4主编 |
| 801 | 0 | @aCN@bPFT@c20020408 |
| 905 | @a10447@dH31@eS703 | |
| 机械工程专业英语/司徒忠,李璨主编.-武汉:武汉工业大学出版社,2001.07 |
| 160页;29cm |
| ISBN 7-5629-1733-7:RMB 16.50 |
| ● |
| 相关链接 |
|
|
|
正题名:机械工程专业英语
索取号:H31/S703
 
预约/预借
| 序号 | 登录号 | 条形码 | 馆藏地/架位号 | 状态 | 备注 |
| 1 | 356247 | 203562475 | 语言库209/209语言库 86排1列5层/ [索取号:H31/S703] | 在馆 | |
| 2 | 356248 | 203562484 | 语言库209/209语言库 86排1列5层/ [索取号:H31/S703] | 在馆 | |
| 3 | 356249 | 203562493 | 语言库209/209语言库 86排1列5层/ [索取号:H31/S703] | 在馆 |